Statistiken für La Liga Torschützen 2022/2023

Klicken Sie hier um das Quiz zu spielen!

Allgemein

  • Dieses Quiz wurde 67 mal gespielt
  • Das Durchschnittsergebnis liegt bei 6 aus 12

Antwortstatistiken

ToreVereinSpieler% Korrekt
19Real MadridKarim Benzema
100%
23FC BarcelonaRobert Lewandowski
97%
15Atlético MadridAntoine Griezmann
79%
16Espanyol BarcelonaJoselu
58%
12Celta VigoIago Aspas
53%
13Atlético MadridÁlvaro Morata
42%
15Betis SevillaBorja Iglesias
37%
12Real SociedadAlexander Sørloth
35%
14FC GetafeEnes Ünal
21%
15RCD MallorcaVedat Muriqi
19%
13FC GironaValentín Castellanos
18%
12FC VillarrealNicolas Jackson
16%

Verteilung der Resultate

Perzentil nach korrekt beantworteten Fragen

Anzahl Personen mit jedem Resultat

Ihre Resultats-Entwicklung

Sie haben dieses Quiz noch nicht gespielt